000
00293nam a22001337a 4500
008
170227b xxu||||| |||| 00| 0 eng d
020
_a
9780781732604
041
_a
eng
080
_a
617
100
_a
5
101
_a
SHK
245
_a
CONCEPTS IN NEUROSURGERY
_c
LINSKEY, M.E
942
_2
udc
_c
BK
999
_c
6271
_d
6271